000 00722nam a2200229Ia 4500
003 GCL
008 140319s9999 xx 000 0 ara d
020 _a5267844092
040 _aGCL /
_cGCL
082 0 4 _aط
_b502
_bد ت
245 1 0 _aالتطورات العلمية فى القرن21 :
_bالطب والابحاث العلمية
250 _aالاولى
260 _aبيروت :
_bالدار العربية للعلوم ،
_c2002
300 _a45 ص ؛
_c30 سم
490 _aالتطورات العلمية فى القرن21
_v0
650 0 4 _aالطب
650 0 4 _aالطاقة
650 0 4 _aالمواصلات
650 0 4 _aالاعلام
650 0 4 _aالحاسبات الالية
942 _2ddc
_cBK
999 _c5172
_d5172